00903ntm a22002177a 450000500170000000800410001704000280005808200170008610000370010324500950014026000100023530000390024550001820028459000170046665000440048365300230052765500090055094200080055999900170056795201010058420170810124804.0170802s2013 xx a frb 000 0 eng d aEG-ScBUEbengcEG-ScBUE04222a621bMOH1 aMohammed, Tarek Hafez Ezz Eldin.10aPerformance of diesel engines using natural gas and EGR /cTarek Hafez Ezz Eldin Mohammed. c2013. aix, 43 p. :bill. (col.) ;c28 cm. aA dissertation submitted to the faculty of engineering. the British university in Egypt, in partial fulfillment of the requirements for the bachelor degree in civil engineering. aBasant Mousa 72BUEshaMechanical EngineeringvProjects bENGMECcAugust2017 vSPRO 2ddc c25129d25101 00102ddc4070aMAINbMAINc2NDd2017-08-06l0o621 TARp000046303r2025-07-15 00:00:00yPROJST